| 000 | 01243cam a22001814a 4500 | ||
|---|---|---|---|
| 005 | 20250605164355.0 | ||
| 008 | 250528s ||||||||||||||||||||||||d | ||
| 035 | _a24299 | ||
| 040 |
_aGR-AtMCL _bgre _dGR-AtMCL _eAACR2 |
||
| 245 | 1 | _aΣπουδαί - Spoudai / Βραβείο Ακαδημίας Αθηνών - An Academy of Athens Award | |
| 260 |
_bΕπτάλοφος, _c2002 |
||
| 300 | _a208 | ||
| 520 | _aThe Shortcomings of Keynesianism: The Confusion Between the Rate of Interest and Profit, An Empirical Foundation of Strategic Decision-Making Processes: Towards a Synthesis and a Future Research Agenda, Trends in Investments in Port Infrastructure in the Mediterranean Countries: Convergence or Divergence to EU Policies, Domestic and Foreign Companies in Greek Manufacturing Sector: Comparative Performance Analysis Multinationality and Firm Growth, The Effect of Financial Leverage in Determining Business Risk, Alternative Models of Input-Output for the Evaluation of Relative Performance for a Greek Bank's Network of Branches, Evaluation in Healthcare Systems: Defining Structure and Process and Content. | ||
| 700 | 1 |
_aΑλογοσκούφης Γιώργος _97351 |
|
| 942 | _cCR | ||
| 999 |
_c9189 _d9189 |
||